Financial Imbalances in Ukraine: Changes and Vulnerabilities after Crisis of 2014

Roky 2014-2015 boli pre ukrajinské hospodárstvo výrazne ovplyvnené politickým konfliktom s Ruskom. Hospodárska nerovnováha, sankcie a politická neistota sú faktory, ktoré spôsobili hospodársku krízu. Ukrajinské orgány sa pustili do makroekonomickej regulácie. Analýza zraniteľných miest hospodárstva...

ver descrição completa

Na minha lista:
Detalhes bibliográficos
Autor principal: Raneta, Leonid, 1982-
Formato: Capítulo de Livro
Idioma:inglês
Assuntos:
Tags: Adicionar Tag
Sem tags, seja o primeiro a adicionar uma tag!

MARC

LEADER 00000naa a2200000 4500
001 0262834
005 20240502074157.3
041 0 |a eng 
044 |a SK 
245 1 0 |a Financial Imbalances in Ukraine: Changes and Vulnerabilities after Crisis of 2014  |c Leonid Raneta 
520 |a Roky 2014-2015 boli pre ukrajinské hospodárstvo výrazne ovplyvnené politickým konfliktom s Ruskom. Hospodárska nerovnováha, sankcie a politická neistota sú faktory, ktoré spôsobili hospodársku krízu. Ukrajinské orgány sa pustili do makroekonomickej regulácie. Analýza zraniteľných miest hospodárstva krajiny so zameraním sa na reálny, externý, verejný a monetárny sektor. 
610 2 0 |a sektor verejný 
610 2 0 |a Ukrajina 
610 2 0 |a kríza hospodárska 
610 2 0 |a vzťahy medzinárodné 
610 2 0 |a nerovnováha hospodárska 
610 2 0 |a politika menová 
100 1 |a Raneta, Leonid, 1982-